000 00690cam a22002293a 4500
001 28994
003 PGUSA
005 20140828083628.0
008 090529s2009||||xxu|||||s|||||000 | eng d
040 _aPGUSA
_beng
042 _adc
050 4 _aPA
100 1 _aPeck, Harry Thurston,
_d1856-1914
245 1 0 _aLatin Pronunciation :
_bA Short Exposition of the Roman Method
_h[electronic resource] /
_cHarry Thurston Peck
260 _bProject Gutenberg,
_c2009
506 _aPublic domain in the USA.
516 _aElectronic text
653 _aLatin language -- Pronunciation
830 0 _aProject Gutenberg
_v28994
856 4 0 _uhttp://www.gutenberg.org/ebooks/28994
942 _cEB
999 _c258249
_d258249